| 000 | 00424nam a22001817a 4500 | ||
|---|---|---|---|
| 005 | 20160119152951.0 | ||
| 008 | 160119b xxu||||| |||| 00| 0 eng d | ||
| 020 | _c50 | ||
| 040 | _aLoreto College | ||
| 082 |
_a891.44 _bAAR |
||
| 245 | _aAarombho 1412 | ||
| 260 |
_aKolkata _bAarombho _c2005 |
||
| 300 | _a266p. | ||
| 650 | _aEast Indo-European & Celtic | ||
| 700 |
_4ed. _aBaharuddin |
||
| 850 | _aLCLIB | ||
| 942 | _cBK | ||
| 999 |
_c40391 _d90870 |
||